00509nam a2200193 a 4500001001300000003000900013005001700022008004100039020002300080082001600103100001800119245005300137260003600190300000900226500003500235505001000270650001700280700001800297nice12345678IN_TiNIC20260116014012.0050524s1995 newa grp 000 0 eng  a014440X c11500a303.66bCAR aCarter, Jimmy aTalking Peaceb a Vision for the Next Generation aNew DelhibPenguin Books c1995 a206p aincludes index and biblioraphy2 aNotes aPeace-Making1 aCarter, Jimmy